000 00451 a2200133 4500
001 91605
082 _aPR 1572
090 _c43758
_d43757
100 _aAsmar Azar Khan; Prof Taufeeque-UR-Rehman and Omer Bashir, Advisors
245 _aMultiservice Multiplexer to Combine the Air Defence Traffic of a Radar in Single Channel in Communication with CRC
_n54 "B" EC
260 _aRawalpindi
_bNUST
_c2001
300 _a90p
500 _aBE Project Reports
942 _aCAE NUST
_kPR 1572
999 _c326678
_d326678